|
|
|
|
| LEADER |
00000nam a2200000 a 4500 |
| 001 |
vtls001068700 |
| 003 |
SK-MaSNL |
| 005 |
20260301110905.0 |
| 008 |
250414s1992 xo 0 slo |
| 015 |
|
|
|a SNBA1992/08
|
| 020 |
|
|
|a 8022801755
|
| 035 |
|
|
|a SNK000011530
|
| 040 |
|
|
|a SNK
|b slo
|c SNK
|e AACR2
|
| 041 |
0 |
|
|a slo
|
| 044 |
|
|
|a xo
|c SK
|
| 080 |
|
|
|a 674.049.3:536.4
|2 1981
|
| 080 |
|
|
|a 536.4
|2 1981
|
| 080 |
|
|
|a 674.049.3
|2 1981
|
| 100 |
1 |
|
|a Chovanec, Dušan,
|d 1929-2017
|4 aut
|9 117123
|
| 245 |
1 |
0 |
|a Thermal Degradation of Wood
|c Dušan Chovanec, Anton Osvald
|
| 250 |
|
|
|a 1. vyd.
|
| 260 |
|
|
|a Zvolen
|b Technická univerzita
|c 1992
|e Zvolen
|f Edičné stredisko TU
|
| 300 |
|
|
|a 60 s., 3,142 AH
|b Fot. Sch.
|c 21 cm
|
| 366 |
|
|
|e 150 výt.
|
| 500 |
|
|
|a Lit. 10. Rozmn. 10 zázn. v slov., angl. a nem.
|
| 700 |
1 |
|
|a Osvald, Anton,
|d 1952-
|4 aut
|9 85693
|
| 852 |
|
|
|a Slovenská národná knižnica
|
| 919 |
|
|
|a 80-228-0175-5
|
| 954 |
|
|
|a drevo
|a horľavosť dreva
|a degradácia tepelná
|
| 958 |
|
|
|a RM
|
| 958 |
|
|
|a NB
|
| 999 |
|
|
|c 704652
|d 706582
|
| 952 |
|
|
|t P60, <04>, [BOOK], {604}
|a SNK
|b SNK
|y VYP
|7 0
|p 17A0311483
|o snkSC 81919 D1
|i snkKSP 5074/92
|0 0
|1 0
|4 0
|d 2001-09-03
|l 0
|r 2004-12-31 00:00:00
|w 2026-02-23
|
| 952 |
|
|
|a SNK
|b SNK
|y PREZ
|7 0
|p 17A0983221
|o snkSC 81919
|0 0
|1 0
|4 0
|d 2012-08-14
|l 0
|r 2025-08-18 00:00:00
|w 2026-02-23
|